000 00831cad a22002055a 4500
001 E153507
008 110802e20110729xxk 000 0 eng d
035 _a(Sirsi) u153507
041 0 _aeng
110 2 _aLloyds Banking Group
_95822
245 0 0 _aNearly £100 000 extra for a National Park home
_h[electronic resource]
260 _c2011
490 _aHalifax Press Release
_v29 July 2011
520 _aSuggests that house prices in National Park areas are an average of £95 721 (48%) higher than the county average.
590 _aKA
651 4 _aEngland and Wales
_y1543-
690 _aPROPERTY-RESIDENTIAL PROPERTY-RESIDENTIAL PROPERTY MARKET
856 4 0 _uhttps://www.lloydsbankinggroup.com/media/pdfs/halifax/2011/290711national_park_home.pdf
_zView this item free of charge at www.lloydsbankinggroup.com
942 _n0
999 _c83307
_d83307